书目信息 |
| 题名: |
感悟美国梦
|
|
| 作者: | 孙惠柱 著 | |
| 分册: | ||
| 出版信息: | 上海 上海人民出版社 1999.06 |
|
| 页数: | 258页 | |
| 开本: | 32开 | |
| 丛书名: | ||
| 单 册: | ||
| 中图分类: | I267.1 | |
| 科图分类: | ||
| 主题词: | 散文--中国 , 散文--作品综合集--中国 | |
| 电子资源: | ||
| ISBN: | 7-208-03097-9 | |
| 000 | 00570nam0 2200205 45 | |
| 001 | 0012180936 | |
| 005 | 20001218090409.2 | |
| 010 | @a7-208-03097-9@d15.40元 | |
| 100 | @a20001218d1999 km y0chiy0120 ea | |
| 101 | 0 | @achi |
| 105 | @a z 000yy | |
| 200 | 1 | @a感悟美国梦@AGan Wu Mei Guo Meng@f孙惠柱著@FSun Hui Zhu Zhu |
| 210 | @a上海@c上海人民出版社@d1999.06 | |
| 215 | @a258页@d32开 | |
| 606 | 0 | @a散文@x中国 |
| 606 | 0 | @a散文@x作品综合集@x中国 |
| 690 | @aI267.1@v3 | |
| 701 | 0 | @a孙惠柱@4著 |
| 801 | @aCN@bPftUser@c20001218 | |
| 905 | @b307881-883@dI267.1@eS960@f3 | |
| 感悟美国梦/孙惠柱著.-上海:上海人民出版社,1999.06 |
| 258页;32开 |
| ISBN 7-208-03097-9:15.40元 |
| ● |
| 相关链接 |
|
|
|
正题名:感悟美国梦
索取号:I267.1/S960
 
预约/预借
| 序号 | 登录号 | 条形码 | 馆藏地/架位号 | 状态 | 备注 |
| 1 | 307881 | 203078819 | 社科二线400B/400B社科库 26排1列2层/ [索取号:I267.1/S960] | 在馆 | |
| 2 | 307882 | 203078828 | 文学库116/ [索取号:I267.1/S960] | 在馆 | |
| 3 | 307883 | 203078837 | 社科二线400B/400B社科库 27排2列6层/ [索取号:I267.1/S960] | 在馆 |